header

Clinical nutrition (Record no. 57254)

MARC details
000 -LEADER
fixed length control field 01446nam a2200361 a 4500
082 04 - DEWEY DECIMAL CLASSIFICATION NUMBER
Classification number 615.854
245 00 - TITLE STATEMENT
Title Clinical nutrition
250 ## - EDITION STATEMENT
Edition statement 2nd ed.
260 ## - PUBLICATION, DISTRIBUTION, ETC. (IMPRINT)
Place of publication Chichester, West Sussex :
Name of publisher Wiley-Blackwell,
Year of publication c2013.
300 ## - PHYSICAL DESCRIPTION
Number of Pages 1 online resource (xiv, 526 p.) :
Other physical details ill.
650 #0 - SUBJECT ADDED ENTRY--TOPICAL TERM
Topical Term Diet therapy.
Topical Term Dietetics.
Topical Term Diet in disease.
700 1# - ADDED ENTRY--PERSONAL NAME
Personal name Elia, Marinos.
856 40 - ELECTRONIC LOCATION AND ACCESS
Uniform Resource Identifier http://site.ebrary.com/lib/rucke/Doc?id=10674802
588 ## -
-- Description based on online resource; title from title page (ebrary, viewed April 17, 2013).
922 ## -
-- Innodata Copy LCSH LCC DDC

No items available.

© 2026 Rongo University
Contact us: librarian | system librarian | Rongo university